| 000 | 00530nam a2200145Ia 4500 | ||
|---|---|---|---|
| 008 | 151213s9999 xx 000 0 und d | ||
| 100 | _aমোহিত আলম মজুমদার। | ||
| 245 |
_aসাহিত্য বিচার । _cমোহিত আলম মজুমদার। |
||
| 260 |
_aকলিকাতা _bআই এস পি। _c1879(bangla) |
||
| 300 | _a8432 p. | ||
| 650 | _aBangla | ||
| 650 | _aBengali Literature | ||
| 700 | _aমোহিত আলম মজুমদার। | ||
| 999 |
_c4270 _d4270 |
||